| 000 | 00932nas a2200289 4500 | ||
|---|---|---|---|
| 001 | BR2013008807 | ||
| 003 | BR-BrBNA | ||
| 005 | 20231205123150.0 | ||
| 007 | ta | ||
| 008 | 230509b bl.|||p| |||| 00| 00por d | ||
| 040 |
_aBR-BrBNA _bpor _cBiblioteca Nacional de Agricultura |
||
| 041 | _a(Pt) | ||
| 072 | _aF03 | ||
| 100 | 1 | _aScalon, S. de P.Q. | |
| 100 | 1 | _aLima, A.A. de | |
| 100 | 1 | _aScalon Filho, H. | |
| 100 | 1 | _aVieira, M. do C. | |
| 245 | 1 | _aGerminação de sementes e crescimento inicial de mudas de Campomanesia adamantium Camb: Efeito da lavagem, temperatura e de bioestimulantes | |
| 650 | _aGUABIROBA | ||
| 650 | _aTRATAMENTO DE SEMENTE | ||
| 650 | _aGERMINAÇÃO | ||
| 650 | _aCRESCIMENTO | ||
| 650 | _aCERRADO | ||
| 773 | 0 |
_tRevista Brasileira de Sementes (Brazil) _xISSN 0101-3122 _g(Jun 2009), v. 31(2) p. 96-103 _wBR2013008807 |
|
| 909 |
_a202311 _bLúcia _c55 _dLúcia Elande |
||
| 942 |
_2AGRIS _n0 _cANA |
||
| 999 |
_c232494 _d232494 |
||